[Event "Orbis-2 GM 2018"]
[Site "Paracin"]
[Date "2018.12.04"]
[Round "2"]
[White "Aithmidou, Mohamed-Mehdi"]
[Black "Kosic, Dragan"]
[Result "0-1"]
[WhiteElo "2261"]
[BlackElo "2488"]
[Annotator "TA"]
[PlyCount "90"]
[EventDate "2018.12.03"]
[EventType "tourn"]
[EventCountry "SRB"]
[SourceTitle "playchess.com"]
[Source "ChessBase"]
[SourceQuality "1"]

{[%evp 23,90,0,0,0,0,0,0,0,0,0,0,0,0,-379,-24,-213,-244,-268,-276,-375,-305,-316,-266,-387,-214,-273,-260,-246,-254,-264,-250,-268,-270,-272,-281,-282,-233,-238,-241,-242,-213,-223,-216,-220,-213,-250,-247,-278,-276,-399,-391,-424,-405,-391,-391,-531,-522,-788,-793,-788,-788,-781,-780,-773,-760,-760,-752,-648,-558]} 1. e4 e6 2. d4 d5 3. e5 c5 4. c3 Nc6 5. Nf3 Qb6 6. a3 Nge7 7. b4 cxd4 8. cxd4 Nf5 9. Bb2 Bd7 10. g4 Nfe7 11. Nc3 Ng6 {C02: French: Advance Variation} (11... Na5 12. Nd2 Rc8 13. Na4 Qc6 14. b5 Qc7 15. Rc1 Qd8 16. Nc5 Ng6 17. Nxd7 Qxd7 18. h4 Be7 19. h5 {½-½ (41) Areshchenko,A (2709)-Romanov,E (2640) Legnica 2013}) 12. h4 {[%cal Bh2h4,Bh4h5][%mdl 32]} h5 $1 {[%cal Rh5g4] LiveBook: 5 Games} 13. gxh5 Rxh5 {The position is equal.} 14. Ng5 {Strongly threatening Na4.} Rh6 15. Nf3 Rc8 16. Na4 Qd8 {[%cal Rg6h4]} 17. h5 $1 Nf4 18. Rh4 $146 {[%mdl 8192] [#]} (18. Bc1 $11 Rxh5 19. Rxh5 Nxh5 20. Nc5) ({Predecessor:} 18. Nc5 Bxc5 19. dxc5 Rxh5 20. Rxh5 Nxh5 {½-½ (48) Gross Winter,G (2276)-Kamanel Zamora,J (2273) ICCF email 2016}) 18... g5 $2 (18... Nxb4 $1 $19 {[%mdl 512] Hoping for ...Nc2+.} 19. Rc1 {[#]} (19. axb4 Bxb4+) 19... Nbd3+ $1 {[%mdl 512]} 20. Bxd3 Ng2+ 21. Kf1 Nxh4 22. Rxc8 Bxc8) 19. Rxf4 $2 (19. Rh2 $1 $11 {and White is okay.}) 19... gxf4 $19 20. Nh2 Qg5 21. b5 Na5 22. Ng4 Nc4 23. Bc1 (23. Nxh6 {keeps fighting.} Bxh6 24. Qf3) 23... Bxb5 (23... Bg7 $142 24. Nxh6 Bxh6) 24. Nc3 Bd7 25. Qf3 Ne3 $1 {[%cal Re3g4][%mdl 64] Discovered Attack} 26. fxe3 Rxc3 27. Kd2 {[#]} Rxe3 $1 {[%mdl 64] Deflection} 28. Nxe3 fxe3+ 29. Qxe3 Qxe3+ 30. Kxe3 {and the idea Be2 leaves White hopeful.} Rxh5 31. Kf3 Bh6 32. Kg4 Rh1 33. Bxh6 Rxh6 {[%mdl 4096] Endgame KRB-KRB} 34. Bd3 Rh2 35. Kf3 Rb2 36. a4 (36. Ke3 $142) 36... Rb4 37. a5 Rxd4 38. Ke3 Rb4 39. a6 bxa6 {Black is clearly winning.} 40. Rxa6 Bb5 41. Bxb5+ Rxb5 42. Kd4 Rb7 43. Rc6 Kd7 44. Rd6+ Ke7 45. Rc6 Rb4+ {Accuracy: White = 36%, Black = 60%.} 0-1

[Event "Orbis-2 GM 2018"]
[Site "Paracin"]
[Date "2018.12.04"]
[Round "3"]
[White "Kosic, Dragan"]
[Black "Djordjevic, Vuk"]
[Result "1-0"]
[WhiteElo "2488"]
[BlackElo "2414"]
[Annotator "TA"]
[PlyCount "85"]
[EventDate "2018.12.03"]
[EventType "tourn"]
[EventCountry "SRB"]
[SourceTitle "playchess.com"]
[Source "ChessBase"]
[SourceQuality "1"]

{[%evp 22,85,0,-13,-7,-15,-19,-37,-16,-11,22,-12,-18,-24,-7,-37,-36,-49,-44,-44,-45,-47,-43,-39,-56,-56,-50,-55,-40,-56,-46,-128,-47,-52,-53,-62,-44,-51,25,16,25,20,110,102,100,120,120,77,78,68,287,318,378,328,287,160,256,253,218,180,345,342,370,381,425,418]} 1. d4 Nf6 2. Nf3 e6 3. e3 b6 4. Bd3 Bb7 5. O-O d5 6. b3 Bd6 7. c4 Qe7 8. Bb2 O-O 9. Nc3 a6 10. Rc1 Nbd7 11. cxd5 {E14: Queen's Indian: Classical Variation (4 e3)} exd5 12. Bf5 {LiveBook: 8 Games} Ne4 $146 ({Predecessor:} 12... g6 13. Bh3 Ne4 14. Nxe4 dxe4 15. Nd2 f5 16. Nc4 Bd5 17. Nxd6 Qxd6 18. f4 exf3 19. gxf3 {½-½ (74) Reeh,O (2442)-Adams,M (2682) Germany 2010}) 13. Ne2 {The position is equal.} g6 {[%cal Bg7g6,Bg6g5,Bg5g4][%mdl 32]} 14. Bh3 f5 15. g3 g5 16. Bg2 Rf7 17. Rc2 a5 18. Nc1 g4 19. Nh4 Nf8 $1 20. Nd3 Ng6 21. Nxg6 hxg6 22. Ne5 Bxe5 23. dxe5 Qe6 24. f3 gxf3 25. Qxf3 c5 26. Rd1 ({White should play} 26. Qd1 $15 Ba6 27. Bxe4 dxe4 28. Rd2) 26... Rd8 (26... a4 $17 27. h4 a3) 27. Qe2 $15 Rfd7 28. Qb5 Rf8 29. a3 {[#]} Bc6 (29... d4 $1 $15 {[%mdl 512]} 30. exd4 Rfd8) 30. Qxb6 $11 {Bxe4 is the strong threat.} Rb7 $1 {[%cal Rb7b6]} 31. Qxa5 {aiming for Bxe4.} Rxb3 (31... Rb5 $11 {keeps the balance.} 32. Qe1 Rxb3) 32. Bxe4 $1 $16 fxe4 33. Qxc5 Ba4 34. Rf1 ({But not} 34. Rxd5 $2 Rb5 $19) 34... Rxf1+ 35. Kxf1 {Threatens to win with Rf2.} Rb8 $2 (35... Rxe3 $14 36. Qxe3 Bxc2) 36. Rf2 $18 Bb5+ 37. Kg2 {Black must now prevent Rf6.} Bd7 {[#]} 38. Qd6 (38. a4 $1 $18) 38... Rc8 (38... Qxd6 $16 39. exd6 Rf8) 39. Qxe6+ Bxe6 40. h3 Rc6 $2 (40... Rf8 {keeps fighting.} 41. Rd2 Ra8) 41. g4 Kg7 42. Bd4 Ra6 43. Rf6 {Accuracy: White = 59%, Black = 35%.} 1-0

[Event "Orbis-2 GM 2018"]
[Site "Paracin"]
[Date "2018.12.04"]
[Round "3"]
[White "Pikula, Dejan"]
[Black "Aithmidou, Mohamed-Mehdi"]
[Result "0-1"]
[WhiteElo "2486"]
[BlackElo "2261"]
[Annotator "TA"]
[PlyCount "132"]
[EventDate "2018.12.03"]
[EventType "tourn"]
[EventCountry "SRB"]
[SourceTitle "playchess.com"]
[Source "ChessBase"]
[SourceQuality "1"]

{[%evp 17,132,-65,-64,-70,-61,-91,-58,-56,-72,-94,-90,-91,-75,-89,-75,-68,-46,-37,7,7,0,7,0,-75,-87,-143,94,95,177,134,115,-24,-32,-29,-38,-35,-38,-30,-28,-104,-95,-96,-95,-139,-125,-169,-180,-196,-177,-179,-139,-163,-158,-148,-100,-116,-109,-122,-84,-81,-23,-24,-24,-69,-55,-69,-69,-69,-68,-70,-70,-113,-109,-212,-203,-548,-1200,-1752,-1567,-1800,-1691,-1553,-1768,-1679,-1657,-1510,-1499,-1404,-1338,-1102,-786,-1246,-1156,-2338,-2211,-5413,-2671,-29966,-29967,-29971,-29971,-29972,-29972,-29970,-29973,-29971,-29972,-5089,-1003,-29971,-29972,-29983,-29984,-29984,-29985,-29987,-29988]} 1. d4 d5 2. Bf4 Nf6 3. e3 g6 4. h4 Bg7 5. Nc3 c6 (5... h5 6. Nf3 c6 7. Ne5 Nbd7 8. Be2 Ne4 9. Nxe4 dxe4 10. Nxd7 Bxd7 11. Qd2 {1-0 (45) Matlakov,M (2683)-Rakhmanov,A (2634) Sochi 2018}) 6. h5 {D00: 1 d4 d5: Unusual lines} Nxh5 7. Rxh5 gxh5 8. Qxh5 Nd7 9. Bd3 Nf6 {LiveBook: 3 Games} 10. Qh4 Bg4 {[%cal Bc8g4,Bg4h5,Bh5g6][%mdl 32]} 11. Nf3 $146 ({Predecessor:} 11. Be5) 11... Bh5 12. O-O-O Bg6 13. Rh1 Rg8 14. Ne5 Nd7 15. Nf3 e6 16. Qg3 Nf6 17. Ne5 Bf8 {Strongly threatening ...Bxd3.} 18. Bxg6 hxg6 19. Bg5 Be7 $1 20. Qf4 (20. Qf3 $1 $11) 20... Rf8 $1 $17 21. g4 (21. Bh6 $142 Rh8 22. Rh3) 21... Ng8 $2 (21... Nd7 $17 {and life is bright.} 22. Bxe7 Qxe7 23. Nxd7 Kxd7) 22. Bxe7 $16 Nxe7 (22... Qxe7 $16 {was necessary.} 23. g5 O-O-O) 23. Nxf7 {aiming for Rh7.} Qb8 24. Qf6 (24. Qxb8+ $1 $16 Rxb8 25. Ne5) 24... Rxf7 $11 25. Rh8+ Kd7 26. Rxb8 Rxf6 27. Rxa8 $15 {[%mdl 4096] Endgame KRN-KRN} Nc8 28. a4 (28. f4 $11 {keeps the balance.}) 28... Rxf2 $17 29. a5 Kc7 30. Na4 b6 31. axb6+ axb6 32. Nc3 Rg2 33. b3 Rxg4 34. Kd2 Rg1 35. Ne2 Rg2 36. Kd3 g5 37. Ra1 Kd6 38. c4 e5 ({Better is} 38... Kd7 $17) 39. dxe5+ $11 Kxe5 40. Ra8 Nd6 {Hoping for ...dxc4+.} 41. Nd4 dxc4+ 42. bxc4 c5 43. Nf3+ Ke6 44. Rb8 g4 45. Ng5+ (45. Nd2 $17) 45... Kf5 $19 46. Rxb6 $2 {[#]} (46. Nh7 {was the crucial defense.}) 46... Rd2+ $1 {[%mdl 576] Deflection, Decoy} 47. Kxd2 Nxc4+ {[%mdl 64] Double Attack} 48. Kd3 Nxb6 {KN-KN} 49. Ne4 {[#]} Nd7 $1 {[%cal Rd7e5]} 50. Ng3+ Ke5 51. Kc4 Kd6 52. Nf5+ {[#]} Ke6 $1 53. Ng3 Ke5 54. Kd3 Kd5 55. Kd2 Nf6 {( -> ...Ne4+)} 56. Kd3 {[#]} Ne4 $1 {[%mdl 512]} 57. Nh5 (57. Nxe4 c4+) 57... c4+ 58. Ke2 Kc5 59. Kd1 Kb4 60. Kc2 g3 61. Nf4 Nf6 62. Ng2 Ng4 (62... c3 $142 63. Ne1 Nd5) 63. Kd2 c3+ {[%cal Bc4c3,Bc3c2][%mdl 32] Black mates.} 64. Ke2 c2 65. Kd2 Kb3 66. Kc1 Ne5 {Accuracy: White = 30%, Black = 65%.} 0-1

[Event "Orbis-2 GM 2018"]
[Site "Paracin"]
[Date "2018.12.04"]
[Round "3"]
[White "Stankovic, Milos"]
[Black "Gukesh D"]
[Result "0-1"]
[WhiteElo "2451"]
[BlackElo "2466"]
[Annotator "TA"]
[PlyCount "80"]
[EventDate "2018.12.03"]
[EventType "tourn"]
[EventCountry "SRB"]
[SourceTitle "playchess.com"]
[Source "ChessBase"]
[SourceQuality "1"]

{[%evp 23,80,-14,-10,-17,0,-35,-40,-45,-36,-34,-38,-35,-15,-41,-35,-45,-53,-42,-24,-28,-35,-28,-24,-100,-44,-84,-51,-90,-54,-72,-41,-75,-62,-149,-50,-214,-120,-133,-103,-349,-246,-250,-206,-338,-352,-344,-339,-605,-587,-677,-691,-1066,-345,-1156,-1120,-29996,-1029,-29997,-29998]} 1. e4 c5 2. Nf3 Nc6 3. d4 cxd4 4. Nxd4 Nf6 5. Nc3 e5 6. Ndb5 d6 7. Nd5 Nxd5 8. exd5 Nb8 9. Qf3 a6 {B33: Sicilian: Pelikan and Sveshnikov Variations} (9... Be7 10. Qc3 Na6 11. Be3 O-O 12. Nxa7 Bg5 13. Nb5 Bxe3 14. Qxe3 f5 15. Qd2 Nc5 16. Be2 Rf6 17. a3 {½-½ (48) Marczell,P (2577)-Toro Solis de Ovando,G (2616) ICCF email 2007}) 10. Qa3 Be7 11. Bg5 f6 12. Bd2 O-O {LiveBook: 12 Games} 13. c4 f5 14. Bd3 $146 ({Predecessor:} 14. Be2 b6 15. O-O Bb7 16. Nc3 Nd7 {0-1 (68) Gascon del Nogal,J (2398)-Marichal Gonzalez,A (2361) Lecheria 2015}) 14... Nd7 15. Nc3 e4 16. Be2 Ne5 17. O-O Rf6 18. Bf4 Ng6 19. Bg5 Rf8 20. Bxe7 Qxe7 21. f4 exf3 22. Bxf3 Ne5 23. Be2 (23. c5 $11 {remains equal.}) 23... Bd7 ({Black should play} 23... f4 $1 $17 24. c5 dxc5) 24. Rae1 Rf6 25. Qb3 Rb8 26. Qb6 Rh6 27. Qd4 Rf8 28. b3 {[#]} (28. Rd1 $15) 28... Rh4 ({Better is} 28... f4 $1 $17 {[%mdl 512] Hoping for ...Qh4.} 29. Qf2 (29. Rxf4 $2 Rxf4 30. Qxf4 Nd3 $19 {[%mdl 64] Double Attack, Pin}) 29... f3 $1 {[%mdl 512]} 30. Bxf3 Bg4) 29. Qb6 $2 (29. Qd2 $1 $15) 29... f4 ({Black should try} 29... Rf6 $1 $19 {[%cal Rf6h6]} 30. Qxb7 Rfh6 31. Rxf5 (31. Qxa6 Rxh2 32. Bh5 R6xh5 $19) 31... Nd3 {[%mdl 64] Pin} 32. Qxd7 Qxd7 33. Bxd3 Rxh2) 30. Ne4 (30. Qxb7 $2 f3 $1 $19 {[%mdl 512]}) 30... Rh6 $1 $36 {[%mdl 2048] Black is in control.} 31. Rf2 $2 ({Don't blunder} 31. Qxb7 $2 Qh4 $19) (31. Kh1 $17 {is a better defense.}) 31... Bf5 32. Rxf4 {[#]} Ng6 $1 {[%csl LRe4,LRf4][%cal Rg6f4]} 33. Rxf5 (33. Rff1 $142 Qxe4 34. Bd1) 33... Rxf5 $19 34. Ng3 Rf8 35. Rf1 $2 (35. Nf1 Qh4 36. Rc1) 35... Nf4 36. Bg4 {Threatening Nf5.} Qh4 $1 {[%csl LRg4,LRh2] ( -> ...Ne2+!)} 37. Bh3 {[#]} Rhf6 $2 (37... Ne2+ $1 {[%mdl 512]} 38. Nxe2 Rxf1+ 39. Kxf1 Rf6+ 40. Nf4 Qxf4+ {[%mdl 64] Double Attack} 41. Ke2 Qf1+ 42. Kd2 Rf2+ 43. Qxf2 Qxf2+ 44. Kc3 Qxa2) 38. Be6+ $2 (38. Qe3 Nxh3+ 39. gxh3) 38... Nxe6 39. dxe6 Rxf1+ 40. Nxf1 Qe1 {[%mdl 64] Double Attack. Accuracy: White = 25%, Black = 59%.} 0-1

[Event "Orbis-2 GM 2018"]
[Site "Paracin"]
[Date "2018.12.04"]
[Round "3"]
[White "Mendonca, Leon Luke"]
[Black "Savic, Miodrag R"]
[Result "1/2-1/2"]
[WhiteElo "2350"]
[BlackElo "2511"]
[Annotator "TA"]
[PlyCount "122"]
[EventDate "2018.12.03"]
[EventType "tourn"]
[EventCountry "SRB"]
[SourceTitle "playchess.com"]
[Source "ChessBase"]
[SourceQuality "1"]

{[%evp 25,122,0,4,0,-2,-14,-11,-18,-2,-19,-13,-14,-12,-14,0,0,0,0,0,0,8,0,0,0,0,0,0,-15,-15,-17,-7,-7,-5,-7,-5,-15,-15,-15,-15,-15,-16,-16,-16,-16,-16,-16,-15,-15,-15,-18,-14,-26,-8,-14,0,0,0,0,0,-8,-8,-8,-8,-8,-8,-8,-8,-8,-8,-8,-8,-8,-8,-8,-8,-8,-8,-8,-8,-8,-8,-8,-8,-8,-8,-8,-8,-8,-8,-8,0,0,0,0,0,-8,0,0,0]} 1. d4 Nf6 2. c4 e6 3. g3 Bb4+ 4. Bd2 a5 5. Bg2 O-O 6. Nf3 b6 7. O-O Bb7 8. Bg5 Be7 9. Nc3 Ne4 10. Bxe7 {E16: Queen's Indian: 4 g3 Bb7 5 Bg2 Bb4+} Qxe7 11. Qc2 Nxc3 12. Qxc3 d6 13. Rfd1 Nd7 {[%cal Bb8d7,Bd7f6,Bf6e4][%mdl 32] [#] LiveBook: 3 Games} 14. b3 $146 {[%cal Bb2b3,Bb3b4][%mdl 32]} ({Predecessor:} 14. Ne1 Bxg2 {½-½ (14) Ikonnikov,V (2561)-Fedorchuk,S (2648) Leiden 2015}) 14... f5 15. e3 Be4 16. a3 Qe8 17. b4 Nf6 18. Nd2 Bxg2 19. Kxg2 Ne4 20. Qc2 Nxd2 21. Qxd2 axb4 22. axb4 Ra4 23. d5 {Threatening Rxa4.} (23. Kg1 {keeps more tension.} h6 24. Rxa4 Qxa4 25. c5 bxc5 26. dxc5 dxc5 27. bxc5 Kh7 28. Qd7) 23... e5 24. f3 Qd7 25. Qc3 Rfa8 26. Rxa4 Qxa4 $11 {[%mdl 4096] Endgame KQR-KQR} 27. Rd2 Qa3 28. Rc2 $1 Qxc3 29. Rxc3 {KR-KR} Ra2+ 30. Kg1 Rd2 31. e4 fxe4 32. fxe4 Rd4 33. c5 $1 Rxe4 {White must now prevent ...bxc5.} 34. cxd6 cxd6 35. Rc6 Rxb4 36. Rxd6 b5 37. Rb6 Kf7 {next ...Rb2 is good for Black.} 38. Kf2 h5 39. Ke3 {The position is equal.} h4 40. gxh4 Rxh4 41. Rxb5 Rxh2 42. d6 Ke6 43. d7 Rh3+ 44. Ke2 Rh8 45. Rb6+ Kxd7 {[#] Hoping for ...Ke7.} 46. Rb7+ $1 Ke6 {Strongly threatening ...Kf6.} 47. Rxg7 Kf5 48. Ra7 Kf4 49. Ra4+ e4 50. Ra3 Rh2+ 51. Ke1 Rg2 52. Rb3 Rc2 53. Ra3 Rc1+ 54. Ke2 Rb1 55. Rc3 Rb2+ 56. Ke1 Ke5 57. Ra3 Kd4 58. Ra4+ Kd3 59. Ra3+ Kc4 60. Ra4+ Rb4 61. Rxb4+ Kxb4 {Accuracy: White = 68%, Black = 70%.} 1/2-1/2

[Event "Orbis-2 GM 2018"]
[Site "Paracin"]
[Date "2018.12.04"]
[Round "3"]
[White "Der Manuelian, Haik"]
[Black "Krishnater Kushager"]
[Result "1/2-1/2"]
[WhiteElo "2262"]
[BlackElo "2305"]
[Annotator "TA"]
[PlyCount "36"]
[EventDate "2018.12.03"]
[EventType "tourn"]
[EventCountry "SRB"]
[SourceTitle "playchess.com"]
[Source "ChessBase"]
[SourceQuality "1"]

{[%evp 20,36,16,0,0,-14,0,0,31,20,31,27,62,33,61,54,127,15,19]} 1. e4 e5 2. Nf3 Nc6 3. Bc4 Bc5 4. c3 Nf6 5. d3 a6 6. Nbd2 {[%cal Bb1d2,Bd2c4,Bc4e3][%mdl 32]} h6 7. Bb3 d6 8. O-O Ba7 9. Nc4 O-O 10. Ne3 Be6 11. Bc2 {LiveBook: 4 Games} Ne7 {C54: Giuoco Piano: 4 c3 Nf6, main lines with 5 d4 and 5 d3} (11... d5 12. exd5 Nxd5 13. Nxd5 Bxd5 14. Be3 Qf6 15. Nd2 Nd4 16. Bb1 Qc6 17. cxd4 Bxg2 18. Qg4 Bxf1 19. Nxf1 Bxd4 20. Bxd4 exd4 21. Qxd4 {0-1 (40) Zufic,M (2461)-Malakhov,V (2715) Sibenik 2009}) 12. Nh4 Qd7 13. Qf3 $146 ({Predecessor:} 13. Kh1 c6 14. d4 exd4 15. cxd4 Rad8 16. f4 Ng4 17. f5 Nxe3 18. Bxe3 Bc4 19. Rf3 {1-0 (42) Ziogaite,J (2064)-Karsokaite,I Vilnius 2007}) 13... Ng6 14. Nhf5 Bxe3 15. fxe3 Nh7 16. h4 Ne7 17. d4 g6 (17... exd4 $14 18. exd4 Nxf5 19. exf5 {[%mdl 64] Discovered Attack} Bc4) 18. Ng3 ({Better is} 18. Qg3 $16) 18... Bg4 {Accuracy: White = 20%, Black =  7%.} 1/2-1/2

[Event "Orbis-2 GM 2018"]
[Site "Paracin"]
[Date "2018.12.05"]
[Round "4"]
[White "Gukesh D"]
[Black "Savic, Miodrag R"]
[Result "1-0"]
[WhiteElo "2466"]
[BlackElo "2511"]
[Annotator "TA"]
[PlyCount "107"]
[EventDate "2018.12.03"]
[EventType "tourn"]
[EventCountry "SRB"]
[SourceTitle "playchess.com"]
[Source "ChessBase"]
[SourceQuality "1"]

{[%evp 29,107,78,75,76,60,82,79,71,115,122,118,117,118,120,121,109,107,96,83,100,110,80,80,80,80,80,87,80,80,80,80,80,83,81,108,0,0,0,0,0,3,24,19,9,172,185,242,242,320,320,313,297,279,259,528,524,515,520,608,605,818,817,817,794,747,740,1682,1614,4258,2641,2973,2495,2265,2243,5330,5330,4836,4802,4798,4694]} 1. e4 d5 2. exd5 Qxd5 3. Nc3 Qa5 4. d4 c6 5. Bc4 Bf5 6. Nf3 e6 7. Bd2 Nf6 8. Nd5 Qd8 9. Nxf6+ Qxf6 10. Qe2 Bg4 11. d5 {B01: Scandinavian Defence} (11. O-O-O Nd7 12. d5 Ba3 13. c3 cxd5 14. Bxd5 O-O 15. Be4 Be7 16. h3 Bxf3 17. Qxf3 Nc5 18. Qxf6 Bxf6 {1-0 (51) Alekseev,E (2682)-Ghaem Maghami,E (2573) Baku 2012}) 11... Bxf3 12. gxf3 cxd5 13. Bxd5 Nc6 14. Bxc6+ bxc6 15. Qe4 Rc8 {LiveBook: 5 Games} 16. O-O-O Ba3 {[%csl Ga3][%cal Rf6b2]} 17. c3 Bc5 18. Rhg1 O-O 19. Bg5 $146 {[%cal Rg5f6]} Qg6 20. Qh4 $1 {b4 is the strong threat.} Kh8 {[#]} 21. b4 $1 {[%cal Rb4c5]} f6 22. Bd2 ({Reject} 22. bxc5 $6 fxg5 23. Qxg5 (23. Rxg5 Qf6 $15) 23... Qxg5+ 24. Rxg5 Rxf3 $11) 22... Qf5 23. bxc5 Rb8 {[%csl Gb8][%cal Rf5b1]} 24. Qe4 Qxc5 25. Kc2 {[%cal Bc1c2,Bc2d3,Bd3e2][%mdl 32]} Qa3 {( -> ...Rfd8)} 26. Qc4 {Strongly threatening Bc1.} ({Much weaker is} 26. Kd3 Rfd8+ 27. Ke3 Rd5 $14) 26... Rb2+ {[%mdl 64] Double Attack} 27. Kd3 Rd8+ 28. Ke2 Qd6 {[%cal Rb2d2]} 29. Qd4 $1 Qc7 30. Qe3 e5 31. a4 c5 32. Rg4 (32. Ke1 $16) 32... c4 $11 33. Ke1 Rd3 34. Qe4 {Black must now prevent Qa8+.} Qd8 $1 $132 {[%mdl 2048] Black is not keeping still} 35. Qe2 Qd5 36. Re4 {And now Re3 would win.} h6 $2 {[#]} (36... Qc6 $1 $11 {and Black stays safe.}) 37. Re3 $1 $18 Rxe3 (37... f5 $142 38. Rxe5 Qd7) 38. Qxe3 {Hoping for Bc1.} Qb7 39. Qe4 Qxe4+ 40. fxe4 {[%mdl 4096] Endgame KRB-KR} Ra2 41. Rb1 Rxa4 $2 (41... a5 {is a better defense.} 42. f4 exf4) 42. Rb4 {White is clearly winning.} Ra1+ 43. Ke2 a5 44. Rxc4 a4 45. Rc8+ Kh7 46. Ra8 Kg6 47. c4 {[%cal Bc3c4,Bc4c5,Bc5c6,Bc6c7][%mdl 32]} Kf7 48. c5 Ke7 49. Ra7+ Ke6 50. Ra6+ Ke7 51. c6 Ke6 52. c7+ Kd7 53. Ba5 Rc1 54. Ra8 {Accuracy: White = 88%, Black = 54%.} 1-0

[Event "Orbis-2 GM 2018"]
[Site "Paracin"]
[Date "2018.12.05"]
[Round "4"]
[White "Stankovic, Milos"]
[Black "Kosic, Dragan"]
[Result "1/2-1/2"]
[WhiteElo "2451"]
[BlackElo "2488"]
[Annotator "TA"]
[PlyCount "32"]
[EventDate "2018.12.03"]
[EventType "tourn"]
[EventCountry "SRB"]
[SourceTitle "playchess.com"]
[Source "ChessBase"]
[SourceQuality "1"]

{[%evp 23,32,0,43,35,38,33,79,71,87,71,72]} 1. e4 e6 2. d4 d5 3. Nc3 Nf6 4. Bg5 dxe4 5. Nxe4 Nbd7 6. Nf3 h6 7. Nxf6+ Nxf6 8. Be3 Bd6 {C10: French with 3 Nc3: Unusual Black 3rd moves and 3...dxe4} 9. Bd3 b6 10. Qe2 Bb7 11. O-O-O O-O (11... Nd5 12. c4 Nxe3 13. fxe3 Qe7 14. e4 e5 15. c5 bxc5 16. dxe5 Bxe5 {1-0 (66) Aronian,L (2764)-Kramnik,V (2792) Paris 2018}) 12. Ne5 Qe7 {LiveBook: 3 Games} 13. f4 c5 14. Rhf1 cxd4 15. Bxd4 Bc5 16. Bxc5 $146 ({Predecessor:} 16. Bc3) 16... Qxc5 1/2-1/2

[Event "Orbis-2 GM 2018"]
[Site "Paracin"]
[Date "2018.12.05"]
[Round "4"]
[White "Djordjevic, Vuk"]
[Black "Pikula, Dejan"]
[Result "1/2-1/2"]
[WhiteElo "2414"]
[BlackElo "2486"]
[Annotator "TA"]
[PlyCount "113"]
[EventDate "2018.12.03"]
[EventType "tourn"]
[EventCountry "SRB"]
[SourceTitle "playchess.com"]
[Source "ChessBase"]
[SourceQuality "1"]

{[%evp 21,113,58,57,35,58,52,45,39,54,32,35,43,54,3,20,12,14,17,16,12,85,22,56,22,28,21,27,-6,-4,-4,-4,-4,-7,-23,-16,-11,-2,-4,0,-41,-41,-49,-49,-56,-48,-49,-42,-50,-48,-50,-55,-52,-43,-51,-46,-45,-43,-44,-35,-38,-43,-43,0,-50,0,-42,-11,-43,-35,-35,-37,-36,-35,-35,0,-102,-112,-116,-116,-116,-116,-116,-108,-112,-103,-88,-64,-64,-64,-64,-52,-64,-64,-64]} 1. d4 d6 2. e4 Nf6 3. Nc3 e5 4. Nf3 Nbd7 5. Bc4 Be7 6. a4 O-O 7. O-O c6 8. Re1 exd4 9. Nxd4 Ne5 10. Bb3 Qc7 11. h3 {C50: Hungarian Defence and Giuoco Pianissimo} Re8 {LiveBook: 3 Games} 12. Bf4 (12. Be3 Bd7 13. Qe2 Ng6 14. Qc4 Ne5 15. Qe2 Ng6 16. Qc4 Ne5 {½-½ (16) Collins,S (2474)-Kunin,V (2571) Orlova 2015}) 12... Bf8 $146 ({Predecessor:} 12... Bd7 13. Bh2 Bf8 14. Kh1 Qa5 15. f4 Ng6 16. Qd3 {1-0 (87) Dogodkina,J (2040)-Veretennikova,D (2015) Dagomys 2009}) 13. Qd2 {White is slightly better.} a6 14. a5 Bd7 15. Be3 Ng6 16. Bg5 Be7 17. Na4 (17. Qd3 $14) 17... h6 $11 18. Bxf6 Bxf6 19. Nb6 Rad8 20. c3 Re7 {[#]} (20... Re5 $11 {remains equal.}) 21. Nf3 (21. f4 $1 $16) 21... Rde8 22. Rad1 (22. Bc2 {is more complex.} Be6 23. Rad1 Ne5 24. Nxe5 dxe5 25. Qd3) 22... Rxe4 23. Rxe4 Rxe4 24. Nxd7 Qxd7 25. Qxd6 Qxd6 26. Rxd6 Ne5 {next ...Re2 is good for Black.} 27. Rd2 (27. Kf1 {keeps more tension.} Nxf3 28. gxf3 Re5 29. Rd7 Re7 30. Rd8+) 27... Nxf3+ 28. gxf3 {[%mdl 4096] Endgame KRB-KRB} Re1+ 29. Kg2 g6 30. Bc4 Kf8 31. Rd7 Re7 32. Rd3 Ke8 33. Kf1 Bg5 34. Rd1 Bf4 35. Re1 Bc7 36. b4 Be5 37. Re3 Bf6 {...Rxe3 is the strong threat.} 38. Rd3 Re5 39. Bb3 Be7 40. Bd1 Bg5 41. Be2 Be7 42. Bd1 Bf6 43. Be2 Ke7 44. Bd1 (44. f4 $5 {[%cal Rf4e5]} Rd5 45. Re3+ Kf8 46. Bg4 $15) 44... Rf5 45. Re3+ Kd6 46. Ke2 Rf4 47. Kd3 Rh4 48. f4 (48. Bb3 $11) 48... Rxf4 $17 49. Rf3 Rxf3+ 50. Bxf3 {KB-KB} Bh4 51. Ke3 Ke5 52. Bd1 Bg5+ 53. Ke2 c5 54. Kd3 {Black is slightly better.} cxb4 55. cxb4 Bd8 56. Bf3 b6 57. Bb7 {Accuracy: White = 48%, Black = 51%.} 1/2-1/2